000 00601nam a22002057a 4500
005 20241213094423.0
008 241213b ||||| |||| 00| 0 eng d
040 _cAL
041 _aEnglish
082 _223
_a348.04
_bEASS
100 _aEastern Book Company
_9190604
245 _aSupreme Court Cases: Vol 2
260 _aLucknow
_bEastern Book Company
_c1982
300 _axv,648 p.
_bHB
_c24x16 cm.
365 _a1061
_b₹959.52
_c
_d₹1279.36
_e25%
_f28-11-2024
440 _aVolume 2
_9190605
650 _aLaw
_9190606
650 _aMode of Citation (1982) 2 SCC
_9190607
942 _2ddc
_cBI
999 _c232791
_d232791